000
00286cam a2200133ua 4500
041
_a
eng
_h
100
_a
Minhas, P.S .
245
_a
Use of Brackish water for Irrigation
260
_a
:
_b
Dept.Ext ,
_c
2001.
300
_a
; .
504
_a
942
_c
BK
999
_c
13006
_d
13006